Guía de Campo (Registro nro. 2579)

Detalles MARC
000 -CABECERA
Campo de control 00923nam a2200289 a 4500
005 - FECHA Y HORA DE LA ULTIMA TRANSACCION
Campo de control 20170327125651.0
008 - ELEMENTOS DE LONGITUD FIJA—INFORMACION GENERAL
Campo de control 140306t2002 ck a gr|||| 00| 0 spa d
020 ## - ISBN
ISBN 9583331902
040 ## - FUENTE DE CATALOGACIÓN
Agencia catalogadora original CO-BoIAVH
Agencia transcriptora CO-BoIAVH
041 ## - IDIOMA
Código de idioma para texto/pista de sonido o título separado Español
044 ## - PAÍS DE PUBLICACIÓN
País de publicación Colombia
082 #4 - NUMERO DE CLASIFICACION DECIMAL DEWEY
Número de clasificación 595.78909861
Número del ítem G21m
100 1# - ASIENTO PRINCIPAL--NOMBRE PERSONAL
Nombre personal García Robledo, Carlos A.
245 1# - MENCION DE TITULO
Título Guía de Campo
Parte restante del título mariposas comunes de la cordillera Central de Colombia
260 ## - PUBLICACION, DISTRIBUCION, ETC. (PIE DE IMPRENTA)
Lugar de publicación, distribución, etc. Cali
Nombre del editor, distribuidor, etc. Wildlife Conservation Society
Fecha de publicación, distribución, etc. 2002
300 ## - DESCRIPCION FISICA
Extensión 130 paginas.:
Otros detalles físicos ilustraciones.;
Dimensiones 19 x 10 cm
650 #4 - ASIENTO SECUNDARIO DE MATERIA - TERMINO TEMATICO
Término temático o nombre geográfico como elemento de entrada Mariposas
Subdivisión geográfica Cordillera Central
650 #4 - ASIENTO SECUNDARIO DE MATERIA - TERMINO TEMATICO
Término temático o nombre geográfico como elemento de entrada Nymphalidae
650 #4 - ASIENTO SECUNDARIO DE MATERIA - TERMINO TEMATICO
Término temático o nombre geográfico como elemento de entrada Lycaenidae
650 #4 - ASIENTO SECUNDARIO DE MATERIA - TERMINO TEMATICO
Término temático o nombre geográfico como elemento de entrada Riodinidae
650 #4 - ASIENTO SECUNDARIO DE MATERIA - TERMINO TEMATICO
Término temático o nombre geográfico como elemento de entrada Hesperidae
650 #4 - ASIENTO SECUNDARIO DE MATERIA - TERMINO TEMATICO
Término temático o nombre geográfico como elemento de entrada Papilionidae
700 1# - ASIENTO SECUNDARIO - NOMBRE PERSONAL
Nombre personal Heredia, María Dolores
700 1# - ASIENTO SECUNDARIO - NOMBRE PERSONAL
Nombre personal Kattan, Gustavo H.
700 1# - ASIENTO SECUNDARIO - NOMBRE PERSONAL
Nombre personal Constantino-Ch., Luis Miguel
942 ## - ELEMENTOS ADICIONALES (KOHA)
Tipo de ítem Libro
Sistema de clasificación Dewey Decimal Classification
Existencias
Withdrawn status Lost status Sistema de Clasificación Damaged status No para préstamo Colección Inventariado Ubicación Permanente Ubicación actual Fecha de adquisición Fuente de Valor Valor Total Checkouts Número topográfico Inventario / Código de Barras Date last seen Ejemplar Price effective from Forma de adquisición Tipo de material
    Dewey Decimal Classification     General Inventariado 2017 Bogotá Bogotá 08/03/2002 Instituto 15000.00   LB-595.78909861 G21m 009402 04/12/2012 Ej. 1 04/12/2012   Libro